| 000 | 00520nam a2200169Ia 4500 | ||
|---|---|---|---|
| 008 | 090201s9999 xx 000 0 und d | ||
| 010 | _aKPL-70761 | ||
| 040 | _bमराठी | ||
| 041 | _aमराठी | ||
| 082 |
_a49128 _b70761 |
||
| 100 | _a ठाकूर दिलीप | ||
| 245 |
_aस्कॅन्डल _c ठाकूर दिलीप |
||
| 260 |
_c2006 _bसंवेदना प्रकाशन |
||
| 300 |
_a166 _bमध्यम |
||
| 600 | _aस्कॅन्डल | ||
| 942 | _cBOOK | ||
| 999 |
_c245712 _d245712 |
||